marvel 230 characters - Statistics

General Stats
  • This quiz has been taken 752 times
    720 since last reset
  • The average score is 66 of 230
Answer Stats
Answer % Correct
Iron Man
95%
Hulk
90%
Spider-Man
89%
Thor
89%
Black Widow
88%
Loki
86%
Black Panther
80%
Thanos
80%
Ant-Man
79%
Hawkeye
79%
Captain America
76%
Doctor Strange
75%
Gamora
75%
Groot
74%
Star Lord
74%
Scarlet Witch
73%
Rocket
72%
Odin
70%
Wasp
70%
Drax
68%
Falcon
68%
Vision
67%
Wolverine
66%
Captain Marvel
65%
Winter Soldier
65%
Daredevil
63%
Quicksilver
63%
Ultron
63%
Venom
63%
Deadpool
62%
Ironheart
62%
Nick Fury
62%
She-Hulk
60%
Nebula
59%
Magneto
56%
Professor X
54%
War Machine
54%
Green Goblin
52%
Pepper Potts
52%
Mr Fantastic
51%
Wong
51%
Moon Knight
50%
Ms Marvel
50%
Red Skull
50%
Ghost
48%
Mantis
48%
Doctor Octopus
47%
Hela
47%
Human Torch
47%
Peggy Carter
47%
Hank Pym
46%
Storm
46%
The Thing
46%
Sandman
45%
Shang Chi
45%
MJ
44%
Electro
43%
Punisher
42%
Yondu
42%
Abomination
41%
Carnage
41%
Cyclops
41%
Jane Foster
41%
Mysterio
41%
Yelena
41%
Doctor Doom
40%
Luke Cage
40%
Beast
39%
Invisible Woman
39%
Ego
38%
Killmonger
38%
Maria Hill
38%
Okoye
38%
Red Hulk
38%
Baron Zemo
37%
Ghost Rider
37%
Heimdall
37%
Jessica Jones
37%
Happy
36%
Kang
36%
Kingpin
36%
SilverSurfer
36%
Blade
34%
Kate Bishop
34%
Valkyrie
34%
Galactus
33%
Korg
33%
Mystique
33%
Vulture
32%
Iceman
31%
Ronan
31%
Colossus
30%
Jean Grey
30%
Rhino
29%
Black-Bolt
28%
Dormammu
28%
Ikaris
28%
Spider-Woman
28%
Adam Warlock
27%
Miles Morales
27%
M.O.D.O.K
27%
Morbius
27%
Sif
27%
Whiplash
27%
Yellowjacket
27%
Phillip Coulson
26%
Red Guardian
26%
Rogue
26%
America Chavez
25%
Frigga
25%
Nova
25%
Sersi
25%
Howard Stark
24%
Iron Monger
23%
Thena
23%
Zeus
23%
Apocalypse
22%
Juggernaut
22%
Sprite
22%
Taskmaster
22%
Arnim-Zola
21%
Cable
21%
Gorr
21%
Sharon Carter
21%
Agatha Harkness
20%
Ajak
20%
Ancient One
20%
Collector
20%
Malekith
20%
Phoenix
20%
Black-Knight
19%
Captain Britain
19%
Ebony Maw
19%
Gilgamesh
19%
Grandmaster
19%
Hercules
19%
Medusa
19%
Druig
18%
Makkari
17%
Scorpion
17%
X 23
17%
Baron Mordo
16%
Kingo
16%
Laufey
16%
Ned Leeds
16%
Surtur
16%
White Tiger
16%
Phastos
15%
Proxima Midnight
15%
Death
14%
Mephisto
14%
Sentry
14%
Stan Lee
14%
Sylvie
14%
Mobius
13%
Spider-Girl
13%
U.S Agent
13%
Wonder Man
13%
Corvus Glaive
12%
Klaw
12%
Mandaryn
12%
Alexander Pierce
11%
Anti-Venom
11%
Ares
11%
The Watcher
11%
Cull Obsidian
10%
Spider-Man 2099
10%
Justin Hammer
9%
Talos
9%
Goose The Cat
8%
Maria Rambeau
8%
Skurge
8%
Blue Marvel
7%
Iron First
7%
Kaecilius
7%
One above all
7%
Star Fox
7%
Yon Rogg
7%
Arishem
6%
Beyonder
6%
Eternity
6%
Iron Lad
6%
Jack
6%
Janet Van Dyne
6%
Living Tribunal
6%
Tigra
6%
3d-Man
5%
Abraham-Erskine
5%
Captain Universe
5%
Man Ape
5%
Melina
5%
Taserface
5%
The Destroy
5%
Deathlok
4%
Ghost Spider
4%
Infinity
4%
Khonshu
4%
Korath
4%
8-Ball
3%
Abyss
3%
Ammit
3%
Arthur Harrow
3%
Cosmic Ghost Rider
3%
Eitri
3%
Fenris
3%
Kurse
3%
Madame Hydra
3%
Maya Lopez
3%
Alter Ego
2%
Atlas
2%
Hood
2%
Jasper Sitwell
2%
Jocasta
2%
Kazi
2%
Kronos
2%
Machine Man
2%
Maya Hansen
2%
Minn Erva
2%
Thor Girl
2%
Anubis
1%
Blackout
1%
Miss Minutes
1%
Pizza Dog
1%
Ravonna Renslayer
1%
Sage
1%
Stranger
1%
The Goats
1%
The Over
1%
Margus
0%
Nemesis
0%
No matching quizzes found
Score Distribution
Percent of People with Each Score
Percentile by Number Answered
Your Score History
You have not taken this quiz since the last reset